000 00268nam a2200121Ia 4500
008 190216s9999||||xx |||||||||||||| ||und||
100 _aRai.R.N
245 0 _aArithmatic Algebra-Part 2
260 _bNull
_c1968
300 _a216
650 _aMathematics
942 _cBK
999 _c30478
_d30478